[Event "World Youth Girl U16 2016"]
[Site "Khanty-Mansiysk RUS"]
[Date "2016.09.25"]
[Round "4.17"]
[White "Kopcova, Ludmila"]
[Black "Martynkova, Olena"]
[Result "0-1"]
[BlackTitle "WFM"]
[WhiteElo "1798"]
[BlackElo "2287"]
[WhiteFideId "363774"]
[BlackFideId "14134039"]
[EventDate "2016.09.22"]

1. d4 Nf6 2. c4 c5 3. d5 b5 4. cxb5 a6 5. b6 d6 6. Nc3 Nbd7 7. e4 Qxb6 8. b3 Qb4
9. Bd2 Nxe4 10. a3 Qd4 11. Nxe4 Qxe4+ 12. Ne2 Nf6 13. f3 Qxd5 14. Nc3 Qb7 15.
Bd3 Be6 16. Rb1 g6 17. O-O Bg7 18. b4 c4 19. Bc2 O-O 20. Be3 Nd5 21. Nxd5 Bxd5
22. a4 c3 23. Re1 Rac8 24. b5 a5 25. b6 Bc4 26. Bd4 Rfd8 27. Bxg7 Kxg7 28. Qd4+
e5 29. Qe3 Re8 30. Rbc1 d5 31. Qxc3 Qxb6+ 32. Kh1 d4 33. Qd2 Qb4 34. Qd1 Qa3 0-1

[Event "World Youth Girl U16 2016"]
[Site "Khanty-Mansiysk RUS"]
[Date "2016.09.25"]
[Round "4.18"]
[White "Yang, Yijing"]
[Black "Kostava, Elene"]
[Result "1-0"]
[WhiteTitle "WCM"]
[WhiteElo "1975"]
[BlackElo "1756"]
[WhiteFideId "8608601"]
[BlackFideId "13603280"]
[EventDate "2016.09.22"]

1. d4 d5 2. c4 e6 3. Nc3 Be7 4. Nf3 Nf6 5. Bg5 O-O 6. e3 h6 7. Bh4 Nbd7 8. Qc2
b6 9. cxd5 exd5 10. Bd3 Bb7 11. O-O c5 12. Rad1 a6 13. dxc5 bxc5 14. Bf5 Nb6 15.
Na4 Nxa4 16. Qxa4 Qb6 17. Ne5 Qc7 18. Bxf6 Bxf6 19. Nd7 Rfd8 20. Nxf6+ gxf6 21.
Qg4+ Kh8 22. f4 d4 23. e4 Bc8 24. Rf3 Bxf5 25. Qxf5 Qd6 26. Rh3 Kg7 27. Qg4+ Kf8
28. Rxh6 d3 29. Qh4 d2 30. e5 Qd4+ 31. Kh1 Ke8 32. Qxf6 Qe3 33. Rh8+ Kd7 34.
Qd6+ Kc8 35. Qxd8+ 1-0

[Event "World Youth Girl U16 2016"]
[Site "Khanty-Mansiysk RUS"]
[Date "2016.09.25"]
[Round "4.19"]
[White "Tumova, Anna"]
[Black "Bauyrzhan, Arnash"]
[Result "1/2-1/2"]
[WhiteElo "1711"]
[BlackElo "1904"]
[WhiteFideId "367397"]
[BlackFideId "13706322"]
[EventDate "2016.09.22"]

1. e4 c5 2. Nf3 e6 3. d4 cxd4 4. Nxd4 a6 5. c4 Nf6 6. Nc3 Bb4 7. Bd3 Nc6 8. Nxc6
dxc6 9. O-O e5 10. Bg5 h6 11. Bh4 Bc5 12. Kh1 Qe7 13. f3 g5 14. Bf2 Be6 15. Na4
Bxf2 16. Rxf2 Rd8 17. Qc2 O-O 18. Rd1 Rd4 19. Rfd2 Rfd8 20. Bf1 Qb4 21. Rxd4
Rxd4 22. a3 Qd6 23. Rxd4 exd4 24. c5 Qf4 25. Qd3 Qe5 26. b4 g4 27. Qd2 Kg7 28.
Nb2 Qh5 29. Qf4 Qg5 30. Qxg5+ hxg5 31. Kg1 gxf3 32. gxf3 Nh5 33. Bc4 Kf6 34. Kf2
Nf4 35. Bxe6 fxe6 36. Nc4 Nd3+ 37. Ke2 Ne5 38. Nd6 d3+ 39. Ke3 d2 40. Kxd2 Nxf3+
41. Ke3 Nxh2 42. Nxb7 Ng4+ 43. Kf3 Ne5+ 44. Kg3 Ke7 45. Na5 Kd7 46. Nb3 Nc4 47.
a4 Nb2 48. Kg4 Nxa4 49. Kxg5 Nc3 50. e5 Nd5 51. Nd4 Nxb4 52. Kf6 Nd5+ 53. Kf7
Nf4 54. Nb3 Nd3 55. Kf6 a5 56. Nxa5 Nxc5 57. Kf7 Nd3 58. Nxc6 Kxc6 59. Kxe6 Nxe5 1/2-1/2

[Event "World Youth Girl U16 2016"]
[Site "Khanty-Mansiysk RUS"]
[Date "2016.09.25"]
[Round "4.20"]
[White "Kozybayeva, Alisa"]
[Black "Saumy, Zainab"]
[Result "0-1"]
[WhiteElo "1888"]
[BlackElo "1688"]
[WhiteFideId "13708317"]
[BlackFideId "9911316"]
[EventDate "2016.09.22"]

1. d4 Nf6 2. c4 g6 3. Nc3 Bg7 4. e4 d6 5. Be2 O-O 6. Be3 Nbd7 7. g4 c5 8. d5 Ne5
9. f3 e6 10. g5 Ne8 11. f4 exd5 12. fxe5 d4 13. Nd5 dxe3 14. Nf6+ Kh8 15. Kf1
Qe7 16. Nf3 dxe5 17. Nd5 Bh3+ 18. Ke1 Qd8 19. Nxe3 Nd6 20. Qd5 Be6 21. Qd3 f5
22. gxf6 Bxf6 23. h4 Qb6 24. h5 g5 25. Rg1 h6 26. Qc2 Rad8 27. Nd5 Bxd5 28. cxd5
Qb4+ 29. Nd2 Qd4 30. Rf1 Bg7 31. Qc3 Rxf1+ 32. Bxf1 Qg1 33. Qh3 Rf8 34. Qg2 Qd4
35. Rb1 0-1

[Event "World Youth Girl U16 2016"]
[Site "Khanty-Mansiysk RUS"]
[Date "2016.09.25"]
[Round "4.21"]
[White "Dong, Khanh Linh"]
[Black "Busuioc, Alexandra"]
[Result "0-1"]
[WhiteTitle "WCM"]
[WhiteElo "1671"]
[BlackElo "1876"]
[WhiteFideId "12403040"]
[BlackFideId "1635778"]
[EventDate "2016.09.22"]

1. d4 d6 2. c4 Nf6 3. Nc3 g6 4. e4 Bg7 5. Bd3 e5 6. d5 O-O 7. Nge2 Nh5 8. O-O f5
9. exf5 gxf5 10. Ng3 Nxg3 11. fxg3 Qe8 12. Be3 a6 13. Qd2 Qg6 14. b4 Nd7 15.
Rab1 e4 16. Be2 Ne5 17. b5 b6 18. Rf4 Bf6 19. g4 Qg7 20. Rb3 Ng6 21. Rf1 f4 22.
Nxe4 fxe3 23. Nxf6+ Rxf6 24. Qxe3 Rxf1+ 25. Bxf1 Bxg4 26. bxa6 Qe5 27. Qd2 Rxa6
28. c5 Qa1 29. cxb6 Rxb6 30. Ra3 Rb1 31. Qf2 Qb2 32. Ra8+ Kg7 33. Qxb2+ Rxb2 34.
Ra7 Rc2 35. Bd3 Rc3 36. Bb5 Nf4 37. Ra4 Be2 38. Bc6 Nd3 39. h3 Nc5 40. Ra7 Ne6
41. a4 Kf6 42. Rb7 h5 43. Rb2 Nd4 44. Be8 Ke5 45. Bf7 Kf4 46. Kf2 Bd1 47. a5 Be2
48. Rb4 Rc4 49. Rb7 Rc1 50. g3+ Ke4 51. Be6 Rf1+ 52. Kg2 Ke3 53. g4 h4 54. Bf5
Rf2+ 55. Kh1 Bf3+ 56. Kg1 Ne2# 0-1

[Event "World Youth Girl U16 2016"]
[Site "Khanty-Mansiysk RUS"]
[Date "2016.09.25"]
[Round "4.22"]
[White "Limanovska, Elizabete"]
[Black "Petraki, Argiro"]
[Result "1-0"]
[WhiteElo "1870"]
[BlackElo "1632"]
[WhiteFideId "11603542"]
[BlackFideId "4252748"]
[EventDate "2016.09.22"]

1. e4 c5 2. Nf3 Nc6 3. d4 cxd4 4. Nxd4 g6 5. Nc3 Bg7 6. Be3 Nf6 7. Bc4 O-O 8.
Bb3 a5 9. O-O d5 10. exd5 Nb4 11. Nde2 a4 12. Nxa4 Nfxd5 13. Bd4 Bxd4 14. Qxd4
Bf5 15. Qd2 b5 16. Nc5 Qd6 17. Nd3 Nxd3 18. cxd3 Nb4 19. d4 Rfd8 20. a3 Nc6 21.
Rfd1 Rac8 22. d5 Ne5 23. Nd4 Bd7 24. Qe2 Ng4 25. Nf3 Qf6 26. h3 Nh6 27. Ne5 Qd6
28. Rac1 Rxc1 29. Rxc1 Nf5 30. Rd1 Qb6 31. Qe4 Ng3 32. Qf3 Nf5 33. d6 e6 34. g4
Nh6 35. Qf6 Be8 36. d7 Bxd7 37. g5 Nf5 38. Qxf7+ Kh8 39. Rxd7 1-0

[Event "World Youth Girl U16 2016"]
[Site "Khanty-Mansiysk RUS"]
[Date "2016.09.25"]
[Round "4.23"]
[White "Blazeka, Mihaela"]
[Black "Tomcikova, Zuzana"]
[Result "1-0"]
[WhiteElo "1868"]
[BlackElo "1621"]
[WhiteFideId "14528576"]
[BlackFideId "14939126"]
[EventDate "2016.09.22"]

1. Nf3 Nf6 2. g3 d5 3. Bg2 c5 4. O-O e6 5. b3 Be7 6. Bb2 Nc6 7. d4 b6 8. Nbd2
Bb7 9. c4 O-O 10. Re1 Qc7 11. cxd5 Nxd5 12. e4 Nf6 13. Rc1 Qd8 14. dxc5 Bxc5 15.
e5 Nd5 16. Ne4 Be7 17. Qc2 Rc8 18. Qb1 Rc7 19. Red1 Qb8 20. Nfg5 h6 21. Nf6+
Nxf6 22. exf6 hxg5 23. fxe7 Nxe7 24. Ba3 Rxc1 25. Qxc1 Re8 26. Qxg5 Ng6 27. h4
Bxg2 28. Kxg2 Qe5 29. Qg4 Qc7 30. Bd6 Qc6+ 31. Kg1 Rd8 32. h5 Nf8 33. Bxf8 Kxf8
34. b4 Rxd1+ 35. Qxd1 Qc7 36. Qd2 Qc6 37. Qd8+ Qe8 38. Qd6+ Qe7 39. Qb8+ Qe8 40.
Qxa7 Qd8 41. Kg2 Qd4 1-0

[Event "World Youth Girl U16 2016"]
[Site "Khanty-Mansiysk RUS"]
[Date "2016.09.25"]
[Round "4.24"]
[White "Mammadova, Susan"]
[Black "Wijesuriya, G P Y"]
[Result "1-0"]
[WhiteElo "1836"]
[BlackElo "1588"]
[WhiteFideId "13413210"]
[BlackFideId "9906959"]
[EventDate "2016.09.22"]

1. e4 e5 2. Nf3 Nc6 3. Bc4 Bc5 4. O-O Nf6 5. c3 d5 6. exd5 Nxd5 7. b4 Be7 8. b5
Na5 9. Nxe5 Nxc4 10. Nxc4 Be6 11. d3 O-O 12. a4 Bf6 13. Ba3 Re8 14. Qc2 Nf4 15.
Nb2 Bf5 16. Nd2 Ne2+ 17. Kh1 Bxc3 18. Ne4 Bxe4 19. dxe4 Qd2 20. Qxd2 Bxd2 21. f3
Rad8 22. Rf2 Nf4 23. g3 Be3 24. Rc2 Ne6 25. Nc4 Bd4 26. Rd1 Ng5 27. Kg2 Ne6 28.
Na5 Bb6 29. Rxd8 Rxd8 30. Nxb7 Rb8 31. Nc5 Nxc5 32. Bxc5 Ra8 33. f4 a6 34. f5
Bxc5 35. Rxc5 axb5 36. axb5 g6 37. Rxc7 gxf5 38. exf5 Rb8 39. Rc5 Kg7 40. Kf3
Rb6 41. Kf4 f6 42. Ke4 Rb7 43. Kd5 Rb6 44. Rc7+ Kh6 45. Kc5 Rb8 46. Kc6 Kg5 47.
b6 h5 48. b7 Kxf5 49. Rc8 Rxb7 50. Kxb7 Kg4 51. Rc4+ Kg5 1-0

[Event "World Youth Girl U16 2016"]
[Site "Khanty-Mansiysk RUS"]
[Date "2016.09.25"]
[Round "4.25"]
[White "Krapivina, Galina"]
[Black "Sevilla, Julia"]
[Result "0-1"]
[WhiteElo "1834"]
[BlackElo "1546"]
[WhiteFideId "24159182"]
[BlackFideId "2099730"]
[EventDate "2016.09.22"]

1. e4 c5 2. Nf3 d6 3. d4 cxd4 4. Nxd4 Nf6 5. Nc3 a6 6. f4 e6 7. Qf3 Be7 8. Be3
Qc7 9. O-O-O Nc6 10. h3 b5 11. e5 Bb7 12. exf6 Nxd4 13. Qf2 Nxc2 14. fxg7 Rg8
15. Qxc2 Rc8 16. Qxh7 Kd7 17. Kb1 b4 18. Na4 Rxg7 19. Bb5+ axb5 20. Qxg7 Qc2+
21. Ka1 Qxa4 22. b3 Qa3 23. Bc1 Qa7 24. Qb2 Be4 25. Qg7 Bc2 26. Rd2 Bxb3 27. Kb1
Bd5 28. Re1 b3 29. a3 b4 30. Qb2 Ra8 31. axb4 Bh4 32. Ree2 Rc8 33. f5 Qa2+ 34.
Qxa2 bxa2+ 35. Kb2 Rxc1 0-1

[Event "World Youth Girl U16 2016"]
[Site "Khanty-Mansiysk RUS"]
[Date "2016.09.25"]
[Round "4.26"]
[White "Campos Toledo, Andrea Celeste"]
[Black "Shih, Ching-An"]
[Result "0-1"]
[BlackTitle "WCM"]
[WhiteElo "1750"]
[BlackElo "1460"]
[WhiteFideId "3826171"]
[BlackFideId "16300653"]
[EventDate "2016.09.22"]

1. e4 e5 2. Nf3 Nc6 3. Bc4 Be7 4. d3 d6 5. O-O Nf6 6. c3 Bg4 7. h3 Bh5 8. b4 O-O
9. Nbd2 a6 10. Re1 Re8 11. Nf1 h6 12. g4 Bg6 13. Nh4 Bh7 14. Qf3 b5 15. Bb3 a5
16. Nf5 Bxf5 17. gxf5 axb4 18. Qg2 Nh7 19. Qg6 Rf8 20. Bxh6 Bf6 21. Ne3 Ne7 22.
Qg2 Kh8 23. Ng4 gxh6 24. Nxh6 bxc3 25. Nxf7+ Rxf7 26. Bxf7 Qf8 27. Bg6 Nxg6 28.
Qxg6 Qe7 29. Kh1 Rg8 30. Qh5 Bh4 31. Rg1 Bxf2 32. Rg6 Qh4 33. Qxh4 Bxh4 34. a3
Bg5 35. Ra2 Ra8 36. h4 Bxh4 37. Rgg2 Be1 38. Ra1 Bd2 39. Rag1 Be3 40. Rb1 c6 41.
Ra2 Kg7 42. Kg2 Bc5 43. Rb3 b4 44. a4 Kf6 45. a5 Ra6 46. Kf3 Ng5+ 47. Kg4 d5 48.
exd5 cxd5 49. Rh2 Nf7 50. Ra2 Nh6+ 51. Kh5 Nxf5 52. Rb1 Ra7 53. a6 Rg7 54. Ra5
Rg5# 0-1

[Event "World Youth Girl U16 2016"]
[Site "Khanty-Mansiysk RUS"]
[Date "2016.09.25"]
[Round "4.27"]
[White "Oberholzer, Marni"]
[Black "Griciute, Rosita"]
[Result "1/2-1/2"]
[WhiteElo "1683"]
[BlackElo "1641"]
[WhiteFideId "14310414"]
[BlackFideId "12811238"]
[EventDate "2016.09.22"]

1. d4 c5 2. d5 Nf6 3. c4 e6 4. Nc3 exd5 5. cxd5 d6 6. e4 g6 7. Bd3 Bg7 8. Nge2
O-O 9. O-O a6 10. a4 b6 11. f3 Re8 12. Ng3 Nbd7 13. Re1 Ra7 14. Rb1 Rc7 15. Qe2
Ra7 16. Bf4 Ne5 17. Bc4 Nxc4 18. Qxc4 Rae7 19. b3 Qc7 20. Rec1 Nd7 21. Qf1 Ne5
22. Nd1 Qd8 23. Nb2 Kh8 1/2-1/2

[Event "World Youth Girl U16 2016"]
[Site "Khanty-Mansiysk RUS"]
[Date "2016.09.25"]
[Round "4.28"]
[White "Ni Mhuireagain, Eibhia"]
[Black "Gardiner, Nina"]
[Result "1-0"]
[WhiteElo "1433"]
[BlackElo "1530"]
[WhiteFideId "2505665"]
[BlackFideId "14306867"]
[EventDate "2016.09.22"]

1. e4 e5 2. Nf3 Nc6 3. Bc4 Bc5 4. c3 Nf6 5. d3 h6 6. O-O d6 7. a4 a5 8. Nbd2 Bg4
9. h3 Bh5 10. Re1 O-O 11. Nf1 Bg6 12. Ng3 Re8 13. Nh2 Qd7 14. Qf3 Rad8 15. Bxh6
Nh7 16. Be3 Bb6 17. Bxb6 cxb6 18. Qe3 Qc7 19. Nf3 Nf6 20. Nh4 Bh7 21. Nhf5 Ne7
22. Qg5 Nxf5 23. Nxf5 Bxf5 24. Qxf5 Kf8 25. Re3 Qc5 26. Rg3 d5 27. exd5 Nxd5 28.
Qh7 g6 29. Rf3 Rd7 30. Bxd5 Qxd5 31. Qh8+ Ke7 32. Qf6+ Kf8 33. Qxg6 Re6 34. Qe4
Qd6 35. Re1 Rde7 36. Rg3 Rf6 37. Qg4 Rg6 38. Qh4 Rh6 39. Qe4 Rf6 40. Qh7 Ke8 41.
Re4 Kd7 42. d4 Rf4 43. Rxf4 exf4 44. Qf5+ Kd8 45. Rg8+ Re8 46. Qxf7 Rxg8 47.
Qxg8+ Kd7 48. Qg7+ Kc6 49. Kf1 Qe6 50. Qf8 Qc4+ 51. Ke1 Qe6+ 52. Kd2 Qe4 53.
Qc8+ Kd6 54. Qd8+ Kc6 55. Qf6+ Kd7 56. Qf7+ Kc8 57. Qg8+ Kc7 58. b3 Qe7 59. Qc4+
Kd6 60. Qb5 Qe4 61. Qxb6+ Kd7 62. Qb5+ Kc8 63. Qg5 Kd7 64. Qg4+ Kc7 65. Qg8 1-0

[Event "World Youth Girl U16 2016"]
[Site "Khanty-Mansiysk RUS"]
[Date "2016.09.25"]
[Round "4.29"]
[White "Nazarova, Veronika"]
[Black "Horn, Caro"]
[Result "1-0"]
[WhiteElo "1303"]
[BlackElo "1229"]
[WhiteFideId "4506944"]
[BlackFideId "15200884"]
[EventDate "2016.09.22"]

1. e4 e6 2. d4 d5 3. e5 c5 4. c3 Nc6 5. f4 cxd4 6. cxd4 Qa5+ 7. Bd2 Bb4 8. Nf3
Nge7 9. Bd3 h6 10. O-O Bd7 11. Nc3 O-O-O 12. Nb5 Bxd2 13. Nxd2 Qb6 14. Nd6+ Kb8
15. Nxf7 Rhf8 16. Nxd8 Qxd4+ 17. Kh1 Qxd3 18. Nxc6+ Bxc6 19. Nb3 Qxd1 20. Raxd1
Bb5 21. Rf2 g5 22. Nd4 Bd7 23. Rdf1 g4 24. Rc1 h5 25. g3 Bc8 26. Nb5 a6 27. Nd6
Bd7 28. Rfc2 Bc6 29. a4 d4+ 30. Kg1 d3 31. Rd2 Bxa4 32. Rxd3 Rd8 33. Rdc3 Bc6
34. b4 Kc7 35. b5 axb5 36. Nxb5+ Kb8 37. Nd6 Nd5 38. Ra3 Nb6 39. Rb1 Kc7 40.
Rab3 Nd5 41. Nxb7 Rb8 42. Nc5 Rxb3 43. Nxe6+ Kd7 44. Nc5+ Ke7 45. Nxb3 Nc3 46.
Ra1 Ne2+ 47. Kf2 Bf3 48. Nd2 Ke6 49. Nxf3 gxf3 50. Kxf3 Nd4+ 51. Ke4 Nf5 52.
Ra6+ Kf7 53. Rf6+ Ke7 54. Kxf5 1-0

[Event "World Youth Girl U16 2016"]
[Site "Khanty-Mansiysk RUS"]
[Date "2016.09.26"]
[Round "5.1"]
[White "Aakanksha, Hagawane"]
[Black "Kazarian, Anna-Maja"]
[Result "1-0"]
[BlackTitle "FM"]
[WhiteElo "2183"]
[BlackElo "2231"]
[WhiteFideId "25014510"]
[BlackFideId "1033689"]
[EventDate "2016.09.22"]

1. e4 e6 2. d4 d5 3. e5 c5 4. c3 Nc6 5. Nf3 Qb6 6. a3 c4 7. Nbd2 Na5 8. Rb1 Bd7
9. g3 h6 10. h4 Ne7 11. Bg2 O-O-O 12. O-O f5 13. exf6 gxf6 14. Re1 Nf5 15. Nh2
Bd6 16. Ng4 Rdf8 17. Ne3 Ne7 18. b3 cxb3 19. c4 Qxd4 20. Bb2 Qd3 21. cxd5 exd5
22. Rc1+ Kb8 23. Rc3 Qb5 24. Ndc4 Nxc4 25. Nxc4 Bc5 26. Nd2 Qb6 27. Qf3 Qd6 28.
Nxb3 Bb6 29. Bc1 Nc6 30. Bf4 Ne5 31. Qxd5 Qxd5 32. Bxd5 Re8 33. Nc5 Bc8 34. Rec1
Ka8 35. Ne4 Bd4 36. Rb3 Ng4 37. Rxc8+ Rxc8 38. Bxb7# 1-0

[Event "World Youth Girl U16 2016"]
[Site "Khanty-Mansiysk RUS"]
[Date "2016.09.26"]
[Round "5.2"]
[White "Kiolbasa, Oliwia"]
[Black "Amina, Battsooj"]
[Result "1-0"]
[WhiteTitle "WIM"]
[BlackTitle "FM"]
[WhiteElo "2196"]
[BlackElo "2302"]
[WhiteFideId "1154613"]
[BlackFideId "4902661"]
[EventDate "2016.09.22"]

1. e4 e5 2. Nf3 Nc6 3. Bb5 a6 4. Ba4 Nf6 5. O-O Be7 6. Re1 b5 7. Bb3 d6 8. c3
O-O 9. d4 Re8 10. Nbd2 Bf8 11. Nf1 exd4 12. cxd4 Bg4 13. Ng3 Na5 14. Bc2 c5 15.
h3 Bxf3 16. Qxf3 cxd4 17. Bg5 Rc8 18. Nf5 Be7 19. Nxd4 Nd7 20. Bxe7 Qxe7 21.
Rad1 Ne5 22. Qg3 Qf6 23. Bb1 Red8 24. Nf5 Nac6 25. f4 Ng6 26. Rd2 Nce7 27. Nxd6
Qxf4 28. Qxf4 Nxf4 29. Nxc8 Rxc8 30. Red1 Ne6 31. Bc2 1-0

[Event "World Youth Girl U16 2016"]
[Site "Khanty-Mansiysk RUS"]
[Date "2016.09.26"]
[Round "5.3"]
[White "Shuvalova, Polina"]
[Black "Prakapuk, Vera"]
[Result "1-0"]
[WhiteTitle "WFM"]
[WhiteElo "2393"]
[BlackElo "1908"]
[WhiteFideId "24171760"]
[BlackFideId "13507052"]
[EventDate "2016.09.22"]

1. e4 c6 2. d4 d5 3. e5 c5 4. dxc5 Nc6 5. a3 Nxe5 6. b4 Nf6 7. Bb2 Ng6 8. Nf3 e6
9. h4 h5 10. g3 Be7 11. Bd3 O-O 12. Nbd2 Ng4 13. Nh2 Bf6 14. Bxf6 Qxf6 15. Nxg4
hxg4 16. Be2 Qe5 17. Nb3 Qe4 18. O-O Ne5 19. Re1 Qf5 20. Nd4 Qh5 21. Qd2 f5 22.
Qg5 Qxg5 23. hxg5 Nc6 24. Nxc6 bxc6 25. f4 gxf3 26. Bxf3 Bd7 27. Kf2 Kf7 28. c4
Rae8 29. Bh5+ g6 30. Bf3 Rh8 31. Kg1 dxc4 32. Rad1 Ke7 33. Rd6 Rc8 34. Rc1 e5
35. Rxc4 e4 36. Be2 Be6 37. Rcd4 Rhd8 38. Ba6 Rb8 39. Kf2 Bd5 40. Rxg6 Rg8 41.
Rh6 Rxg5 42. Bc4 e3+ 43. Ke2 Bxc4+ 44. Rxc4 Rxg3 45. Rd4 Rg2+ 46. Kxe3 Rbg8 47.
Rxc6 R8g3+ 48. Kf4 Rxa3 49. Rc7+ Ke8 50. Ke5 Ra6 51. c6 Re2+ 52. Kf6 1-0

[Event "World Youth Girl U16 2016"]
[Site "Khanty-Mansiysk RUS"]
[Date "2016.09.26"]
[Round "5.4"]
[White "Yao, Lan"]
[Black "Hamedi Nia, Vesal"]
[Result "1-0"]
[WhiteElo "2235"]
[BlackElo "1904"]
[WhiteFideId "8610835"]
[BlackFideId "12542253"]
[EventDate "2016.09.22"]

1. e4 c5 2. Nf3 e6 3. d4 cxd4 4. Nxd4 a6 5. c4 Nf6 6. Nc3 Bb4 7. Qd3 d6 8. Nc2
Bc5 9. Be2 Nc6 10. O-O O-O 11. Bf4 e5 12. Bg5 h6 13. Bxf6 Qxf6 14. Nd5 Qd8 15.
b4 Ba7 16. Rad1 f5 17. Bf3 Nd4 18. Nxd4 Bxd4 19. Ne3 Bxe3 20. fxe3 Qb6 21. exf5
Rf6 22. a3 Kh8 23. Be4 Bd7 24. c5 Qa7 25. Qc3 Bb5 26. Rfe1 Rc8 27. Rc1 dxc5 28.
bxc5 Qb8 29. Qb4 Qc7 30. Red1 Bc6 31. Bxc6 Rxc6 32. Rd5 b6 33. Qe4 Re8 34. Rcd1
bxc5 35. Rd7 Qc8 36. Qh4 Rf6 37. Qg3 Rg8 38. Qxe5 c4 39. e4 Re8 40. Qa5 Qa8 41.
Rd8 Qa7+ 42. Kh1 Rxd8 43. Rxd8+ Kh7 44. Qd5 Rf7 45. Qe6 1-0

[Event "World Youth Girl U16 2016"]
[Site "Khanty-Mansiysk RUS"]
[Date "2016.09.26"]
[Round "5.5"]
[White "Jakab, Kincso"]
[Black "Vazquez Maccarini, Danitza"]
[Result "1/2-1/2"]
[BlackTitle "WIM"]
[WhiteElo "1893"]
[BlackElo "2142"]
[WhiteFideId "1232002"]
[BlackFideId "3101193"]
[EventDate "2016.09.22"]

1. d4 Nf6 2. Nf3 e6 3. Bf4 b6 4. e3 Bb7 5. h3 Bd6 6. Bxd6 cxd6 7. Bd3 d5 8. Nbd2
d6 9. Qe2 Nbd7 10. c4 O-O 11. O-O Qe7 12. cxd5 Nxd5 13. Bc4 N7f6 14. e4 Nf4 15.
Qe3 Ng6 16. e5 dxe5 17. dxe5 Nd5 18. Bxd5 Bxd5 19. a3 Qb7 20. Rfe1 Rac8 21. Rac1
Rxc1 22. Rxc1 Rc8 23. Rc3 h6 24. g3 Ne7 25. Qd4 Bxf3 26. Nxf3 Nd5 27. Rxc8+ Qxc8
28. Kg2 Qc6 29. h4 a5 30. h5 b5 31. Qh4 Qc2 32. Qd8+ Kh7 33. Qxa5 Qxb2 34. Qa7
Qe2 35. Qd4 Kg8 36. Qa7 Kh7 37. Qd4 Kg8 1/2-1/2

[Event "World Youth Girl U16 2016"]
[Site "Khanty-Mansiysk RUS"]
[Date "2016.09.26"]
[Round "5.6"]
[White "Kochukova, Anna"]
[Black "Yakubbaeva, Nilufar"]
[Result "0-1"]
[WhiteTitle "WFM"]
[WhiteElo "2073"]
[BlackElo "1896"]
[WhiteFideId "24173932"]
[BlackFideId "14204487"]
[EventDate "2016.09.22"]

1. d4 Nf6 2. c4 e6 3. Nc3 d5 4. cxd5 exd5 5. Bg5 Be7 6. e3 O-O 7. Bd3 c6 8. Nge2
Re8 9. O-O Nbd7 10. Ng3 h6 11. Bf4 Bf8 12. Nf5 Nb6 13. Qc2 Be6 14. Rae1 Nc8 15.
f3 Bxf5 16. Bxf5 Bd6 17. Bxd6 Nxd6 18. Bd3 Rc8 19. Qf2 Qb6 20. Na4 Qb4 21. b3
Re7 22. Re2 Rce8 23. Rfe1 Qa5 24. Bb1 Qb4 25. h3 Nb5 26. Kh2 g6 27. Bd3 Nd6 28.
Qg3 Kg7 29. Nc5 Nb5 30. Bxb5 Qxb5 31. e4 b6 32. a4 Qa5 33. e5 Nh5 34. Qf2 bxc5
35. f4 Kh7 36. f5 g5 37. g3 Qc3 38. f6 Re6 39. Qf5+ Kg8 40. Qg4 Qxg3+ 41. Qxg3
Nxg3 42. Kxg3 cxd4 43. h4 d3 44. Rd2 Rxe5 45. Rxe5 Rxe5 46. Rxd3 c5 47. hxg5
hxg5 48. Kg4 Kh7 49. Kh5 g4+ 50. Kxg4 Kg6 51. Rf3 d4 52. Rf1 Re4+ 53. Kf3 Re3+
54. Kf4 Kxf6 55. Rc1 Rc3 56. Rb1 Ke6 57. b4 c4 58. Ke4 Rd3 59. b5 f5+ 60. Kf4 c3
61. a5 c2 62. Rc1 Rc3 63. a6 d3 64. Ke3 Kd5 65. Kd2 Rb3 66. b6 axb6 67. a7 Ra3
68. a8=Q+ Rxa8 69. Kxd3 Rc8 0-1

[Event "World Youth Girl U16 2016"]
[Site "Khanty-Mansiysk RUS"]
[Date "2016.09.26"]
[Round "5.7"]
[White "Hrescak, Ivana"]
[Black "Sieber, Fiona"]
[Result "0-1"]
[WhiteTitle "WFM"]
[BlackTitle "WFM"]
[WhiteElo "1957"]
[BlackElo "2268"]
[WhiteFideId "14613441"]
[BlackFideId "12902373"]
[EventDate "2016.09.22"]

1. d4 Nf6 2. c4 g6 3. Nc3 d5 4. Nf3 Bg7 5. Qb3 dxc4 6. Qxc4 O-O 7. e4 a6 8. Be2
b5 9. Qb3 c5 10. dxc5 Be6 11. Qc2 Nbd7 12. Be3 Rc8 13. Ng5 Bc4 14. Bxc4 bxc4 15.
Na4 Qa5+ 16. Bd2 Qb5 17. O-O h6 18. Nh3 Nxe4 19. Qxe4 Qxa4 20. Qxe7 Nxc5 21. Bc3
Bxc3 22. bxc3 Qc2 23. Qh4 Nd3 24. Qd4 a5 25. Rab1 Rfe8 26. a3 Qa4 27. Ra1 Qc6
28. Ra2 Re4 29. Qa7 Ra8 0-1

[Event "World Youth Girl U16 2016"]
[Site "Khanty-Mansiysk RUS"]
[Date "2016.09.26"]
[Round "5.8"]
[White "Simakova, Elena"]
[Black "Alinasab, Mobina"]
[Result "0-1"]
[BlackTitle "WFM"]
[WhiteElo "1860"]
[BlackElo "2230"]
[WhiteFideId "34142166"]
[BlackFideId "12528897"]
[EventDate "2016.09.22"]

1. e4 e6 2. d4 d5 3. Nd2 Be7 4. Bd3 c5 5. dxc5 Nf6 6. e5 Nfd7 7. Ndf3 Nc6 8. Bf4
Nxc5 9. Be2 Qb6 10. Qc1 Ne4 11. Nh3 h6 12. Nd2 Nxd2 13. Qxd2 Qxb2 14. O-O Qb6
15. Rab1 Qc7 16. Qe3 b6 17. Bb5 Bd7 18. c4 d4 19. Qe4 Bc5 20. g4 O-O-O 21. f3
Qb7 22. Bd2 a6 23. Ba4 d3+ 24. Nf2 Nxe5 25. Qxe5 Bxa4 26. Be3 f6 27. Qxc5+ bxc5
28. Rxb7 Kxb7 29. Bxc5 d2 30. Nd1 Kc6 31. Be3 Bxd1 32. Rxd1 Rd3 33. Kf2 Rhd8 34.
Ke2 Ra3 0-1

[Event "World Youth Girl U16 2016"]
[Site "Khanty-Mansiysk RUS"]
[Date "2016.09.26"]
[Round "5.9"]
[White "Grigoryan, Arpine"]
[Black "Priyanka, K"]
[Result "1/2-1/2"]
[WhiteElo "1942"]
[BlackElo "2205"]
[WhiteFideId "13307231"]
[BlackFideId "5082986"]
[EventDate "2016.09.22"]

1. e4 d5 2. exd5 Qxd5 3. Nc3 Qa5 4. d4 Nf6 5. Nf3 c6 6. Bc4 Bf5 7. Bd2 e6 8. Nd5
Qd8 9. Nxf6+ gxf6 10. Bf4 Bd6 11. Bxd6 Qxd6 12. Qd2 Nd7 13. O-O-O O-O-O 14. Qa5
Kb8 15. Bd3 Bg4 16. Be2 Nb6 17. h3 Bxf3 18. Bxf3 Nc4 19. Qc3 Qf4+ 20. Kb1 Nd6
21. Qe3 Qxe3 22. fxe3 Nf5 23. Rhe1 Nh4 24. Rf1 Rhg8 25. g4 f5 26. Be2 Rg7 27.
Kc1 Kc7 28. Rf2 Rdg8 29. c3 h5 30. gxf5 Nxf5 31. e4 Ng3 32. Bd3 f5 33. exf5 exf5
34. Rf4 Re8 35. Rd2 Kd6 36. Kc2 Rf8 37. Rdf2 Ke6 38. Bc4+ Kf6 39. Bd3 Ke6 40.
Bc4+ Kf6 41. Bd3 Ke6 42. Bc4+ Kf6 43. Bd3 Ke6 44. Rg2 Rh8 45. Rgf2 Rf8 46. Bc4+
Kf6 47. Bd3 1/2-1/2